000 00523nam a2200169 i 4500
001 bg
100 1 _aCHMIELEWSKI, Andrzej G.
245 0 _aSpecjalne metody rozdzielania mieszanin :
_bćwiczenia laboratoryjne /
_cAndrzej G.Chmielewski, Leon Gradoń, Włodzimierz Piłaciński.
260 _aWarszawa,
_c1983.
700 1 _aGRADOŃ, Leon
700 1 _aPIŁACIŃSKI, Włodzimierz
040 _cBPK
041 _apol
080 _a66.01/.09:541.1(075.8)(076)
942 _cKS
008 s pl f |000 0 pol
999 _c22161
_d22161
856 _uhttp://koha.tu.koszalin.pl/cgi-bin/koha/opac-detail.pl?biblionumber=22161
_yKatalog online BPK